Ira Svobodová /

Hlavní autor: Svobodová, Ira, 1986-
Korporativní autor: Trafo Gallery (galerie : Praha, Česko)
Další autoři: Kudrna, Jan, 1984-, Bruthansová, Tereza, 1971-, Smith, Carl E., 1976-, Machalický, Jiří, 1952-, Gordon, Meghan, 1985-, Mießgang, Thomas, 1955-, Tomin, Marek, 1969-, Pohl, Stephan von, 1971-
Jazyk: Čeština
Angličtina
Vydáno: Praha : Spolek Trafačka, [2019]
Témata:
Fyzický popis: 158 nečíslovaných stran : ilustrace (převážně barevné) ; 28 cm
Language note: Souběžný anglický text
Knihy
Uloženo v:
LEADER 02789nam a2200709 i 4500
001 nkc20193164583
003 CZ PrNK
005 20200218122545.0
007 ta
008 200102t20192019xr a e c 000 0dcze
015 |a cnb003164583 
020 |a 978-80-907418-4-3  |q (brožováno) 
035 |a (OCoLC)1140095243 
040 |a ABA001  |b cze  |e rda 
041 1 |a cze  |a eng  |h cze  |h eng 
043 |a e-xr--- 
045 |a y1y1 
072 7 |a 75  |x Malířství  |2 Konspekt  |9 21 
080 |a 75(437.3)  |2 MRF 
080 |a 75.036/.038  |2 MRF 
080 |a (437.3)  |2 MRF 
080 |a (083.824)  |2 MRF 
100 1 |a Svobodová, Ira,  |d 1986-  |7 jo2007409294  |4 art 
245 1 0 |a Ira Svobodová /  |c texty: Jan Kudrna, Tereza Bruthansová, Carl E. Smith, Jiří Machalický, Meghan Gordon, Thomas Miessgang ; překlady: Marek Tomin, Stephan von Pohl 
246 1 8 |a Ira 
264 1 |a Praha :  |b Spolek Trafačka,  |c [2019] 
264 4 |c ©2019 
300 |a 158 nečíslovaných stran :  |b ilustrace (převážně barevné) ;  |c 28 cm 
336 |a text  |b txt  |2 rdacontent 
336 |a statický obraz  |b sti  |2 rdacontent 
337 |a bez média  |b n  |2 rdamedia 
338 |a svazek  |b nc  |2 rdacarrier 
500 |a "Vydáno u příležitosti výstavy Paravan konané v Trafo Gallery v termínu 3.12.2019-10.1.2020"--Tiráž 
500 |a Název z obálky 
500 |a Obálka a hřbet slepotiskem 
500 |a Životopisná data, přehled výstav a zastoupení ve sbírkách 
500 |a 500 výtisků 
546 |a Souběžný anglický text 
600 1 7 |a Svobodová, Ira,  |d 1986-  |7 jo2007409294  |2 czenas 
648 4 |a 2010-2019 
648 7 |a 21. století  |7 ch460559  |2 czenas 
650 0 7 |a české malířství  |7 ph116864  |y 21. století  |2 czenas 
650 0 7 |a moderní malířství  |7 ph122940  |z Česko  |2 czenas 
650 0 9 |a Czech painting  |y 21st century  |2 eczenas 
650 0 9 |a modern painting  |z Czechia  |2 eczenas 
655 7 |a katalogy výstav  |7 fd132536  |2 czenas 
655 9 |a exhibition catalogs  |2 eczenas 
700 1 |a Kudrna, Jan,  |d 1984-  |7 mzk2008479385  |4 aut 
700 1 |a Bruthansová, Tereza,  |d 1971-  |7 jn20001103068  |4 aut 
700 1 |a Smith, Carl E.,  |d 1976-  |7 jo20201061438  |4 aut 
700 1 |a Machalický, Jiří,  |d 1952-  |7 jn20000401689  |4 aut 
700 1 |a Gordon, Meghan,  |d 1985-  |7 jo20201061443  |4 aut 
700 1 |a Mießgang, Thomas,  |d 1955-  |7 jo20201061451  |4 aut 
700 1 |a Tomin, Marek,  |d 1969-  |7 mzk2006343219  |4 trl 
700 1 |a Pohl, Stephan von,  |d 1971-  |7 xx0089596  |4 trl 
710 2 |a Trafo Gallery (galerie : Praha, Česko)  |7 kn20080915020  |4 orm  |4 isb 
910 2 |a BOA001  |b 4-1438.993 
928 9 |a Trafo Gallery 
990 |a BK 
995 |a 01 
991 |b 202001  |c NOV 
996 6 |b 2610809682  |c 4-1438.993  |l MZK  |r Sklad / do 1 hodiny  |n 1  |p p.v.  |w 001774183  |u 000010  |a 1  |e BOA001  |j MZK50  |s P